Introduction to the theory of Fourier's series and integrals

Αποθηκεύτηκε σε:
Λεπτομέρειες βιβλιογραφικής εγγραφής
Κύριος συγγραφέας: Carslaw, H. S. (Horatio Scott), 1870-1954
Μορφή: Βιβλίο
Γλώσσα:English
Δημοσίευση: [New York] : Dover Publications, 1930
Έκδοση:3rd. ed., rev. and enl.
Σειρά:Dover books on mathematics
Θέματα:
Ετικέτες: Προσθήκη ετικέτας
Δεν υπάρχουν, Καταχωρήστε ετικέτα πρώτοι!

MARC

LEADER 00000cam a2200000 i 4500
001 1/9161
008 100712r1930 eng d
035 |l 10108528 
040 |a GR-MY-UA  |b gre  |e aacr 
041 0 |a eng 
082 0 |a 515.2433  |2 (22) 
100 1 |a Carslaw, H. S.   |q (Horatio Scott),   |d 1870-1954. 
245 1 0 |a Introduction to the theory of Fourier's series and integrals /  |c by H. S. Carslaw 
250 |a 3rd. ed., rev. and enl. 
260 |a [New York] :   |b Dover Publications,   |c 1930 
300 |a xiii, 364 σ.;  |b εικ.;  |c 20 εκ. 
490 1 |a Dover books on mathematics 
504 |a Περιέχει βιβλιογραφικές αναφορές και ευρετήριο 
650 0 0 |a Fourier series. 
650 0 0 |a Definite integrals. 
830 0 |a Dover books on mathematics 
852 |a INST  |b SAMOS  |c MAG  |e 20100712  |h 515.2433 CAR  |p 005300031571  |q 005300031571  |t BK  |y 0 
901 |a BIBL3-2010-2 
909 |a Σ  |b 162620 
970 |a ΣΙΤΖΙΜΗ  |b ΓΙΑΣΕΜΗ  |z 2010/07/12